Statistics for Percy Jackson Characters

Click here to take the quiz!

General Stats

  • This quiz has been taken 51 times
    (32 since last reset)
  • The average score is 54 of 81

Answer Stats

HintAnswer% Correct
ChaseAnnabeth
100%
UnderwoodGrover
100%
JacksonPercy
100%
Apollo
96%
GodMr D/Dionysus
96%
Di AngeloNico
96%
Poseidon
96%
DareRachel
96%
Athena
93%
CentaurChiron
93%
La RueClarisse
93%
NakamuraEthan
93%
ZhangFrank
93%
LevesqueHazel
93%
Jason
93%
ValdezLeo
93%
CastellanLuke
93%
Ramírez-ArellanoReyna
93%
GraceThalia
93%
Zeus
93%
Artemis
89%
BeckendorfCharles
89%
RodrigeuzChris
89%
UglianoGabe
89%
Hades
89%
BlofisPaul
89%
McCleanPiper
89%
BeauregardeSilena
89%
CyclopsTyson
89%
Bianca
86%
Hera
86%
BobofitNancy
86%
Sally
86%
Hermes
82%
Katie
82%
TitanKronos
82%
Ares
79%
StollConnor
79%
Hephaestus
79%
Teddy MurdererOctavian
79%
Travis
79%
Apollo CampersWill
79%
Aphrodite
75%
Hestia
75%
May
75%
NightshadeZoe
75%
Demeter
71%
Frederick
71%
Maria
71%
Mr D kidsCastor
68%
Pollux
64%
Sammy
64%
Bob/Iapetus
61%
InventorDaedalus
61%
TanakaDrew
61%
Hylla
61%
Michael
61%
Tristan
61%
DryadJuniper
57%
Lee
57%
MasonJake
50%
Marie
50%
MonstersMedusa
50%
Esperanza
46%
Emily
43%
Beryl
39%
Kayla
36%
Austin
29%
Hyperion
29%
Athena cabinMalcom
29%
Cerberus
11%
Ella
11%
Bea Wise
4%
Bessie
4%
Braires
4%
Kelli
4%
Ladon
4%
Minoaur
4%
GardinerMirander
4%
Tammi
4%
William
4%

Score Distribution

Percentile by Number Answered

Percent of People with Each Score

Your Score History

You have not taken this quiz since the last reset